| 000 | 00463cam a22001337a 4500 | ||
|---|---|---|---|
| 008 | 180718b1980 xxu||||| |||| 00| 0 eng d | ||
| 082 | _aI92x94 C16 | ||
| 100 | _aGoldring, John; ed. | ||
| 245 |
_aThe workings of the administrative appeals tribunal _cedited by John Goldring |
||
| 260 |
_aBelconnen _bCanberra College of Advenced Education _c1980 |
||
| 300 | _a71p. | ||
| 650 | _aAdministrative Courts - Australia | ||
| 700 | _aCanberra College of Advanced Education | ||
| 999 |
_c476569 _d476569 |
||